| 000 | 01018nam a22002777a 4500 | ||
|---|---|---|---|
| 005 | 20130923150134.0 | ||
| 010 | _aENG-108265 | ||
| 020 |
_a9780198090458 _c425.00 |
||
| 020 |
_a0198090455 _c425.00 |
||
| 035 | _aEN-91798 | ||
| 037 | _bDBAD/PUB | ||
| 082 | _a907.202 | ||
| 100 | _aAlatas, Syed Farid | ||
| 245 | 1 | 0 |
_aIbn Khaldun / _cby Syed Farid Alatas |
| 260 |
_aNew Delhi _bOxford Centre for Islamic Studies _bOxford University Press _c2013 |
||
| 270 |
_aYMCA Library Building, 1 Jai Singh Road _bNew Delhi _e110001 |
||
| 300 |
_axii,160p. _c22cm(pbk) |
||
| 490 | _aMakers of Islamic civilization | ||
| 500 | _a Includes bibliographical references and index. | ||
| 520 | _a On the life and works of Ibn Khaldūn, 1332-1406, Arab Muslim historiographer and historian. | ||
| 600 |
_a Ibn Khaldūn, _d1332-1406. |
||
| 650 |
_a Historians, Arab _z Islamic Empire _vBiography. |
||
| 650 |
_a Science _xSocial aspects. |
||
| 650 | _a Islamic civilization. | ||
| 942 |
_2ddc _cEN _mALA _h907.202 |
||
| 999 |
_c78310 _d78310 |
||